书目信息 |
| 题名: |
生物实验报告册
|
|
| 作者: | ;人民教育出版社生物自然室 编著 | |
| 分册: | 第一册·上 | |
| 出版信息: | 北京 人民教育出版社 1995 |
|
| 页数: | 58页 | |
| 开本: | 26cm | |
| 丛书名: | ||
| 单 册: | ||
| 中图分类: | Q-33 , G633.91 | |
| 科图分类: | ||
| 主题词: | 实验生物学 , 教育--各级 | |
| 电子资源: | ||
| ISBN: | 7-107-01120-0 | |
| 000 | 00873nam0 2200265 45 | |
| 001 | 0194011922 | |
| 005 | 20070622100719.40 | |
| 010 | @a7-107-01120-0@dCNY3.30 | |
| 100 | @a19940227d1995 em y0chiy0121 ea | |
| 101 | 0 | @achi |
| 102 | @aCN@b110000 | |
| 105 | @ay z 000yy | |
| 200 | 10 | @a生物实验报告册@Asheng wu shi yan bao gao ce@h第一册·上@f人民教育出版社生物自然室编著@Fren min jiao yu chu ban she sheng wu zi ran shi bian zhu |
| 205 | @a2版 | |
| 210 | @a北京@c人民教育出版社@d1995@h1999 | |
| 215 | @a58页@d26cm | |
| 300 | @a九年义务教育三年制初级中学 | |
| 540 | 1 | @a生物 实验@ASHENG WU SHI YAN |
| 606 | @a实验生物学 | |
| 606 | 0 | @a教育@x各级 |
| 690 | @aQ-33@v4 | |
| 690 | @aG633.91@v3 | |
| 711 | 02 | @a人民教育出版社生物自然室@Aren min jiao yu chu ban she sheng wu zi ran shi@4编著 |
| 801 | 0 | @aCN@bTSSF@c20070622 |
| 905 | @a10447@dG633.91@e136:1(1)=2 | |
| 生物实验报告册.第一册·上/人民教育出版社生物自然室编著.-2版.-北京:人民教育出版社,1995(1999) |
| 58页;26cm |
| 九年义务教育三年制初级中学 |
| ISBN 7-107-01120-0:CNY3.30 |
| ● |
| 相关链接 |
|
|
|
|
正题名:生物实验报告册
索取号:G633.91/136:1(1)=2
 
预约/预借
| 序号 | 登录号 | 条形码 | 馆藏地/架位号 | 状态 | 备注 |
| 1 | 0653929 | 206539290 | 第一样本阅览室/ [索取号:G633.91/136:1(1)=2] | 在馆 | |
| 2 | 0653930 | 206539307 | 密集书库/ [索取号:G633.91/136:1(1)=2] | 在馆 | |
| 3 | 0654245 | 206542455 | 库房3/ [索取号:G633.91/136:1(1)=2] | 在馆 | |
| 4 | 0654246 | 206542464 | 库房3/ [索取号:G633.91/136:1(1)=2] | 在馆 |